Formulari de documents en català / per C. A. Jordana
Descripción Física:
117 p. ; 15 cm
Colección:
Col·lecció Popular Barcino ; 67
MARC
| LEADER | 00000nam a2200000Ia 4500 | ||
|---|---|---|---|
| 001 | 11014 | ||
| 008 | 160829s1931 xx 000 0 cat d | ||
| 080 | |a M-2-351 | ||
| 100 | |a Jordana, C. A. |9 30319 | ||
| 245 | |a Formulari de documents en català / per C. A. Jordana | ||
| 260 | |a Barcelona : |b Ed. Barcino, |c 1931 | ||
| 300 | |a 117 p. ; |c 15 cm | ||
| 490 | |a Col·lecció Popular Barcino ; 67 | ||
| 590 | |a Exemplar fotocopiat i relligat. | ||
| 650 | |a Formularis administratius |9 27526 | ||
| 650 | |a Català administratiu |9 23641 | ||
| 901 | |a Arxiu | ||
| 942 | |n 1 | ||
| 952 | |0 0 |1 0 |4 0 |6 M2351 |7 1 |9 45876 |a Arxiu |b Arxiu |d 2016-12-01 |l 0 |o M-2-351 |p 11014 |r 2016-12-01 00:00:00 |w 2016-12-01 |y ARXIU | ||
| 999 | |c 49377 |d 49377 | ||